000 00737nam a2200277Ia 4500
008 160321s9999||||xx |||||||||||||| ||und||
040 _cHindi
082 _aXV.A/sharma acharya
082 _bBORI-87425
100 _aBramhavarchasva
245 _aAparimit Sambhavnavo ka Aagaar Manvi vyaktitva
260 _aMathura
260 _bAkhanda Jyot sansthan
300 _a450
300 _cC
300 _eHardbound
530 _u00047729.pdf
563 _areference
600 _aBramhavarchasva
630 _aAparimit Sambhavnavo ka Aagaar Manvi vyaktitva
650 _aDictionary
650 _aReference
700 _aBramhavarchasva
730 _aAparimit Sambhavnavo ka Aagaar Manvi vyaktitva
942 _cBOOK
999 _c1371462
_d1371459